000 00649nam a22001697a 4500
005 20250219094259.0
008 250219b |||||||| |||| 00| 0 eng d
082 _22024
_aUT
100 _aNotarte, Cebe Arjay
_965540
245 _aDicision making styles and consumer green purchase decision among consumers in Digos City /
_cCebe Arjay Notarte, Celbert Tañeza, and Regine Daulong
260 _aDigos City :
_bUMDC,
_c©January 2024.
300 _aviii, 63 pages :
_billustration (some colors) ;
_c29 cm.
500 _aIncludes references and appendices.
700 _aTañeza, Celbert
_965541
700 _aDaulong, Regine
_965542
942 _2ddc
_cUT
999 _c23517
_d23517